| 000 | 01058nam a2200313 i 4500 | ||
|---|---|---|---|
| 003 | DO-SdBNP | ||
| 005 | 20250811082430.0 | ||
| 007 | ta | ||
| 008 | 250811t2025 dr 000 0 spa d | ||
| 020 | _z9789945292107 | ||
| 040 |
_aDO-SdBNP _bspa _cBNPHU _erda |
||
| 041 | _aspa | ||
| 082 |
_axxxx _bM492 _222 |
||
| 100 | 1 |
_aMedrano, Felipe _eautor _4aut. _911346 |
|
| 245 | 1 | 0 |
_aPretensiones poéticas / _cFelipe Medrano ; invitado, José Bautista ; prólogo, Miguel Antonio Jiménez |
| 250 | _aPrimera edición | ||
| 264 |
_aSanto Domingo : _bTaller de Textos, _c2025. |
||
| 300 |
_a78 páginas _c21 cm. |
||
| 336 |
_atexto _btxt _2rdacontent |
||
| 337 |
_asin mediación _bn _2rdamedia |
||
| 338 |
_avolumen _bnc _2rdacarrier |
||
| 500 | _aIncluye datos biográficos del autor y el invitado en la contracubierta. | ||
| 520 | _apoesías para jóvenes | ||
| 590 | _aInventariado, 2025/ YL | ||
| 700 | 1 |
_aBautista, José _einvitado _4inv. _979774 |
|
| 700 | 1 |
_aJiménez, Miguel Antonio _eprologuista _4pr. _923568 |
|
| 910 | _aYLockward | ||
| 942 |
_2ddc _cLBS1 |
||
| 999 |
_c59750 _d59750 |
||